| 000 | 00717nam a2200205 4500 | ||
|---|---|---|---|
| 999 |
_c170527 _d170527 |
||
| 005 | 20191217141726.0 | ||
| 010 | _aENG-127165 | ||
| 020 |
_a9789389588392 _c299.00 |
||
| 035 | _aEN-110697 | ||
| 037 | _bDBAD/PUB | ||
| 082 | _a540 | ||
| 100 | _aMaheswaramma, K.Sesha | ||
| 245 |
_aEngineering chemistry / _cby K.Sesha Maheswaramma [and] Mridula Chug |
||
| 260 |
_aNoida _bPearson India Education _c2020 |
||
| 270 |
_a15th Floor, Tower-B, World Trade Tower, Plot No. 1 Block- C, Sector-16 _bNoida, Uttar Pradesh _e201301 _mcompanysecretary.india@pearson.com |
||
| 300 |
_axxii;various paging. _c23cm(pbk) |
||
| 500 | _aIncludes index | ||
| 700 | _aChugh, Mridula | ||
| 942 |
_2ddc _cEN _h540 _mMAH |
||